Cần Thơ năm ấy : Tiểu thuyết

में बचाया:
ग्रंथसूची विवरण
मुख्य लेखक: Hàn, Thế Khương
स्वरूप: पुस्तक
भाषा:Undetermined
प्रकाशित: Thành phố Hồ Chí Minh Hội Nhà văn Thành phố Hồ Chí Minh 1994
विषय:
टैग : टैग जोड़ें
कोई टैग नहीं, इस रिकॉर्ड को टैग करने वाले पहले व्यक्ति बनें!
Thư viện lưu trữ: Trung tâm Học liệu Trường Đại học Cần Thơ
LEADER 00654nam a2200193Ia 4500
001 CTU_8986
008 210402s9999 xx 000 0 und d
020 |c 14000 
082 |a 895.922332 
082 |b Kh561 
100 |a Hàn, Thế Khương 
245 0 |a Cần Thơ năm ấy : 
245 0 |b Tiểu thuyết 
245 0 |c Hàn Thế Khương 
260 |a Thành phố Hồ Chí Minh 
260 |b Hội Nhà văn Thành phố Hồ Chí Minh 
260 |c 1994 
650 |a Historical fiction, Vietnamese,Lịch sử tiểu thuyết, Việt Nam 
980 |a Trung tâm Học liệu Trường Đại học Cần Thơ